MDQL
is popping MORE tags! Check the
thread
!
Quizzes
Events
Quiz Creation
Community
Videos
Private Events
Remove Ads
Sign In
Join for FREE
Feedback
Dark Mode
Quiz Categories
Sports
Geography
Music
Movies
Television
Just For Fun
Miscellaneous
History
Literature
Language
Science
Gaming
Entertainment
Religion
Holiday
For Kids
Quiz Lab
Recent
Popular Today
Quiz Kudos Today
Editor Picks
Curator Picks
Quizzes by...
Day
Popularity
Type
Ratings
Length
Year
Community
Subscriptions
Recent Discussions
Orange Saloon
Badges
Playlists
Quests
Create
Leaderboards
Showdown
Live 5
Trivia Bingo
Activity
Puzzle Library
Sporcle Events
Private Events
Virtual Trivia
Globe League
Become a Host
Pub Owners
SporcleCon
Opinionation
Our Games
Videos
Blog
Mobile Apps
Partnerships
Remove Ads and Go Orange
Feedback
Music
Pop Music
The Beatles
Song
Album
Lyrics
Bands
Singers
Artist
Clip
Rock
Rap
Classical
Billboard
Country Music
Kpop
Taylor Swift
Music
Pop Music
The Beatles
Song
Album
Lyrics
Bands
Singers
Artist
Clip
Rock
Rap
Classical
Billboard
Country Music
Kpop
Taylor Swift
Random Quiz
Search Sporcle
×
Quiz Lab
Quiz Lab
Music
Lyrics
Type in answers that appear in a list
Type in answers that appear in a list
Classic
Best Score? Go Orange.
Blondie songs by lyrics Stats
Can you name the Blondie songs by lyrics?
By
evansmith
8m
24 Questions
344 Plays
344 Plays
344 Plays
Comments
Comments
Give Quiz Kudos
Give Quiz Kudos
-
- Ratings
hide this ad
Forced Order
Answers have to be entered in order
Answers have to be entered in order
Random Order
Randomize order of answers
Randomize order of answers
Replay
Link that replays current quiz
Next Quiz
Link to next quiz in quiz playlist
You Got
0%
They Got
Avg Score
42%
Avg Friend Score
Upgrade to see
Score Distribution
Jump to the score distribution portion of the page
Score
0/24
Timer
08:00
0
Plays Today
Lyric
Song
% Correct
Your hair is beautiful
Atomic
81.7%
One day, maybe next week
One way or another
79.9%
I'm not the kinda girl who gives up just like that
The Tide is High
79.9%
Doopie doo, I'm in love with you
Denis
73%
Come up off your colour chart, I know where you're coming from
Call me
66.3%
I'll have a cup of tea
Dreaming
63.7%
Wall to wall
Rapture
61.3%
I'd like to talk when I can show you my affection
Hanging on the telephone
59.9%
She can catch up with the working crowd
Sunday Girl
56.1%
A million and one candlelights
Maria
55.5%
Today can last another million years
11:59
45.9%
I say he's mine, I have a plan
Union City Blue
45.1%
Lyric
Song
% Correct
She wasn't history, she's just a number
Shayla
40.7%
Get it on
Bang a gong
29.4%
Are you waiting for the reaper to arrive
Die young stay pretty
26.5%
And the long arms of the CIA detect me
Contact in red square
25.6%
Like the magi on the hill I can divinate your presence from afar
Accidents never happen
24.7%
Just for one day
Heroes
21.8%
Close your eyes and you will see micro flashing neon lights
Sound asleep
18.6%
I can keep today but tomorrows fine
Slow Motion
18%
I lost my heart_
_
_
_
_
_
_
_
_
_
_
_
,I could not start_
_
_
_
_
_
_
_
_
Rifle Range
17.2%
Don't look over my shoulder I'm trying to read
For your eyes only
14.2%
Sattelites are falling down tonight
Good Boys
14%
Someone like you getting off on the lies
Look good in blue
9.6%
Quiz Playlist
Details
Report
Send in Message
Add To Playlist
Classic:
Type in answers that appear in a list
Forced Order:
Answers have to be entered in order
Random Order:
Randomize order of answers
Last Updated: Feb 16, 2017
Quiz Scoreboard
CHALLENGE
Sign Up to Join the Scoreboard
Show All
Scores
Hide
Comments
May contain spoilers
Recently Published
Find the 'City' Movie
by crazypaving
Movies
60s
5x2 Blitz: Bands
by SL_Kpop136
Music
30s
Colored Red Africa Blitz
by spor1
Geography
30s
More to Explore
Quiz From the Vault
Featured Blog Post
14 Easter Pick-up Lines to Find Eggs With
hide this ad
You Might Also Like...
Tags
Lyrics Quiz
Song Quiz
blondie
Today's Top Quizzes in Music
Browse Music
hide this ad
Today's Top Quizzes in Lyrics
Browse Lyrics
Top Contributed Quizzes in Music
1
5X2 Blitz: Bands II
2
Taylor Swift All Songs (2024)
3
Taylor Swift Logic Puzzle II
4
5X2 Blitz: The Beatles
5
5X2 Blitz: Billboard
6
Taylor Swift Logic Puzzle
7
5X2 Blitz: Billboard II
8
5X2 Blitz: Album
9
5X2 Blitz: Singers
10
Music Artist by Three 2010s hits
Explore More
Trending Topics
Marvel
NBA
Crossword
Harry Potter
Anime
Kpop
Disney
NFL
Country
The Office
Puzzle
Soccer
Song
Pokémon
WWE
hide this ad
More By:
evansmith
Quiz
Plays
Rating
Category
Featured
Created
Capital Cities within the United Kingdom
1,487
1.55
Geography
Mar 14, 2010
British meanings of American words
1,262
1.94
Just For Fun
Mar 13, 2010
Who wants to be a millionaire UK?
1,137
3.00
Just For Fun
Apr 11, 2010
Quotes from the film, 'Pulp Fiction'.
619
1.00
Movies
Feb 27, 2010
Countries by cities
563
1.73
Geography
Mar 12, 2010
Go to Creator's Profile
Score Distribution
Quiz Creator Spotlight
evansmith
Follow
Send a Message
Quizzes Created
-
Created Quiz Play Count
-
More By This Creator
Popular Quizzes Today
1
Colored Red Africa Blitz
2
Find the US States - No Outlines Minefield
3
Find the 'City' Movie
4
5x2 Blitz: Bands
5
The Countries of the World
6
Find the US States
7
US States
8
9x9 Crossword: Cartoon Network
More Music Quizzes
Metal Pick: Death Metal
Quiz Lab
Trending Quizzes
Colored Red Europe Blitz I
Colored Red Europe Blitz II
Colored Red Africa Blitz II
Colored Red Africa Blitz III
Colored Red Europe Blitz III
Recently Updated
Godzilla Movies
pecheneg
Grab Bag: 4-10 Letters
pecheneg
2024 March Madness Bracket
pecheneg
Famous TV Couples
Peacemaker
Champions League XIs: Real Madrid
pecheneg
Largest US Cities 1790-2010
pecheneg
Rides in Walt Disney World
pecheneg
Most Oscar Losses (Acting)
pecheneg
Beyoncé Albums
pecheneg
Leaping Animals
pecheneg
Trending Topics
Marvel
Disney
Anime
Crossword
Kpop
NBA
Harry Potter
The Office
NFL
Pokémon
Puzzle
Soccer
Country
Song
WWE
Your Account Isn't Verified!
In order to create a playlist on Sporcle, you need to verify the email address you used during registration. Go to your
Sporcle Settings
to finish the process.
Report this User
Report this user for behavior that violates our
Community Guidelines
.
Details:
Send Report
Go to the Sporcle.com Mobile Site →
Comments